000 00608nam a2200193 a 4500
001 000024879
005 20200930023427.0
008 110207s1937 fr r 000 0 spa d
040 _aDO-SdBNP
_bspa
_cBNPHU
082 _axxxx
_bS825r
100 1 _aStendhal,
_d1783-1842,
_qMarie Henri Beyle
_942811
245 1 3 _aLe rouge et le noir :
_bchronique du XIX siècle /
_cStendhal.
260 _aParís :
_bCluny,
_c1937.
300 _av. 2 ;
_c18 cm.
490 1 _aBibliothèque de cluny ;
_v11
500 _aIncluye notas al pie de las páginas.
830 0 _aBibliothèque de cluny ;
_n11
_951060
049 _aBNGR
999 _c24372
_d24372